[Event "HSK Osteropen 2024"]
[Site "Hamburg"]
[Date "2024.04.01"]
[Round "7.4"]
[White "Kahlert, Thomas"]
[Black "Wiethüchter, Samuel"]
[Result "1/2-1/2"]
[WhiteElo "2122"]
[BlackElo "1857"]
[PlyCount "40"]
[EventDate "2024.03.29"]

1. c4 Nf6 2. Nc3 d5 3. cxd5 Nxd5 4. Nf3 c5 5. g3 Nc6 6. Bg2 Nc7 7. O-O e5 8. b3
Bg4 9. Bb2 Qd7 10. Rc1 f6 11. Ne4 Na6 12. d3 Be7 13. Ba3 b6 14. Bb2 Rc8 15. Qc2
Nab4 16. Qb1 O-O 17. a3 Nd5 18. Rfe1 Be6 19. Red1 Nc7 20. b4 cxb4 1/2-1/2

[Event "HSK Osteropen 2024"]
[Site "Hamburg"]
[Date "2024.04.01"]
[Round "7.5"]
[White "Zenker, Ulrich"]
[Black "Moser, Axel"]
[Result "1/2-1/2"]
[WhiteElo "2115"]
[BlackElo "2087"]
[PlyCount "42"]
[EventDate "2024.03.29"]

1. c4 c5 2. Nf3 Nf6 3. e3 g6 4. Nc3 Bg7 5. Rb1 O-O 6. Nd5 Nc6 7. a3 a5 8. d4 d6
9. Nxf6+ Bxf6 10. d5 Ne5 11. Nxe5 Bxe5 12. Bd3 e6 13. O-O exd5 14. cxd5 Bd7 15.
f4 Bg7 16. Qe2 Re8 17. Bd2 Qe7 18. Qf3 b5 19. f5 Be5 20. f6 Qf8 21. h4 c4
1/2-1/2

[Event "HSK Osteropen 2024"]
[Site "Hamburg"]
[Date "2024.04.01"]
[Round "7.6"]
[White "Böhm, Thomas"]
[Black "Wenzel, Birger"]
[Result "1/2-1/2"]
[WhiteElo "2164"]
[BlackElo "2028"]
[PlyCount "59"]
[EventDate "2024.03.29"]

1. e4 c6 2. Nc3 d5 3. Nf3 dxe4 4. Nxe4 Nf6 5. Qe2 Nxe4 6. Qxe4 Be6 7. b3 Bd5 8.
Qe2 Bxf3 9. Qxf3 Qd5 10. Be2 Qxf3 11. Bxf3 Nd7 12. Bb2 Nf6 13. O-O-O O-O-O 14.
c4 e6 15. d4 h5 16. h3 h4 17. Rhe1 Bb4 18. Re2 Rd7 19. Kc2 Rhd8 20. a3 Be7 21.
Red2 Kb8 22. b4 Kc7 23. d5 cxd5 24. Be5+ Bd6 25. Bxf6 gxf6 26. cxd5 Be5 27.
dxe6 Rxd2+ 28. Rxd2 Rxd2+ 29. Kxd2 fxe6 30. Kd3 1/2-1/2

[Event "HSK Osteropen 2024"]
[Site "Hamburg"]
[Date "2024.04.01"]
[Round "7.7"]
[White "Neutsch, Steffen"]
[Black "Debertshäuser, Jörn"]
[Result "1-0"]
[WhiteElo "1994"]
[BlackElo "2010"]
[PlyCount "93"]
[EventDate "2024.03.29"]

1. d4 Nf6 2. c4 e6 3. Nc3 Bb4 4. e3 b6 5. Nge2 Ba6 6. a3 Be7 7. Nf4 d5 8. b3
O-O 9. Bd3 c5 10. cxd5 cxd4 11. Bxa6 Nxa6 12. Qxd4 exd5 13. Ncxd5 Nxd5 14. Nxd5
Nc5 15. Bb2 Ne6 16. Qd2 Bd6 17. Rd1 Qg5 18. O-O Rfd8 19. f4 Qh6 20. Rf3 Nc5 21.
Rh3 Qe6 22. Rg3 Bf8 23. Qd4 f6 24. Qxf6 Qxf6 25. Bxf6 Rxd5 26. Rxd5 Ne4 27. Bb2
Nxg3 28. hxg3 Rc8 29. Rd7 a5 30. Rb7 h5 31. Bd4 Rc1+ 32. Kh2 Rb1 33. b4 axb4
34. Rxb6 Kf7 35. a4 Rb3 36. a5 Ra3 37. a6 Be7 38. e4 Ra4 39. e5 b3 40. e6+ Kg6
41. f5+ Kxf5 42. a7 Kg4 43. Rb8 b2 44. Rxb2 h4 45. Rb1 hxg3+ 46. Kh1 Kf5 47.
Ra1 1-0

[Event "HSK Osteropen 2024"]
[Site "Hamburg"]
[Date "2024.04.01"]
[Round "7.8"]
[White "Malchereck, Zion"]
[Black "Magnussen, Helge"]
[Result "1-0"]
[WhiteElo "1891"]
[BlackElo "2084"]
[PlyCount "111"]
[EventDate "2024.03.29"]

1. e4 e6 2. d4 d5 3. Nc3 Bb4 4. e5 c5 5. a3 cxd4 6. axb4 dxc3 7. bxc3 Ne7 8.
Bd3 Nd7 9. f4 Ng6 10. Nf3 f5 11. Ng5 Ndf8 12. Be3 Bd7 13. O-O a6 14. Qe2 Bc6
15. Rfb1 h6 16. Nf3 Nd7 17. Nd4 Ngf8 18. c4 Nb6 19. Nxc6 bxc6 20. Bxb6 Qxb6+
21. c5 Qc7 22. b5 cxb5 23. Bxb5+ Kf7 24. c6 Nd7 25. cxd7 Qc5+ 26. Kh1 axb5 27.
Qh5+ g6 28. Qh4 Qe7 29. Rxa8 Rxa8 30. Qxh6 Rg8 31. Rxb5 Qxd7 32. Rb1 Qe7 33. h3
g5 34. Qh7+ Rg7 35. Qh5+ Rg6 36. fxg5 Qxg5 37. Rb7+ Ke8 38. Qh8+ Rg8 39. Rb8+
Kf7 40. Qxg8+ Qxg8 41. Rxg8 Kxg8 42. Kh2 Kg7 43. Kg3 Kg6 44. Kh4 Kh6 45. Kg3
Kg5 46. h4+ Kg6 47. Kf4 Kh5 48. g3 d4 49. Kf3 Kh6 50. g4 Kg6 51. Kf4 fxg4 52.
Kxg4 Kh6 53. h5 Kh7 54. Kg5 Kg7 55. h6+ Kf7 56. h7 1-0

[Event "HSK Osteropen 2024"]
[Site "Hamburg"]
[Date "2024.04.01"]
[Round "7.9"]
[White "Bachschisade, Elvin"]
[Black "Schell, Franz Jürgen"]
[Result "1-0"]
[WhiteElo "1791"]
[BlackElo "2029"]
[PlyCount "79"]
[EventDate "2024.03.29"]

1. Nf3 c5 2. c4 Nf6 3. g3 d5 4. cxd5 Nxd5 5. Bg2 Nc6 6. O-O e5 7. d3 Be7 8. b3
O-O 9. Bb2 f6 10. Nbd2 Be6 11. h3 Qd7 12. Kh2 Rac8 13. Ne4 b6 14. e3 h6 15. Re1
Rfd8 16. a3 Nc7 17. Bf1 Qe8 18. Be2 Qf7 19. Ned2 Na5 20. Nc4 Nxc4 21. bxc4 e4
22. Nh4 g5 23. Bh5 Qg7 24. d4 f5 25. Rg1 Bf6 26. Qa4 cxd4 27. Ng2 d3 28. Bxf6
Qxf6 29. Qxa7 Bxc4 30. Rac1 Nb5 31. Qa4 Qe6 32. Nf4 gxf4 33. gxf4+ Kh8 34. Rg6
Qxg6 35. Bxg6 d2 36. Rg1 Be2 37. Qb3 d1=Q 38. Rxd1 Rxd1 39. Qf7 Rc7 40. Qf8#
1-0

[Event "HSK Osteropen 2024"]
[Site "Hamburg"]
[Date "2024.04.01"]
[Round "7.10"]
[White "Seum, Ferdinand"]
[Black "Atri, Jamshid"]
[Result "0-1"]
[WhiteElo "1747"]
[BlackElo "1996"]
[PlyCount "104"]
[EventDate "2024.03.29"]

1. c4 Nf6 2. Nc3 e6 3. e4 d5 4. cxd5 exd5 5. e5 Ne4 6. d4 Nxc3 7. bxc3 c5 8.
Bd3 Nc6 9. Ne2 Be7 10. O-O c4 11. Bc2 O-O 12. Nf4 g6 13. Qf3 Be6 14. Nh5 f5 15.
exf6 Bxf6 16. Nxf6+ Rxf6 17. Qg3 Qd7 18. Bg5 Rf7 19. Rae1 Bf5 20. Bxf5 Qxf5 21.
Re2 b5 22. Qd6 Qd7 23. Qxd7 Rxd7 24. Re6 Rc8 25. a3 Kf7 26. Rfe1 a5 27. Rf6+
Kg7 28. Ree6 Nd8 29. Rb6 Nf7 30. Bf4 b4 31. axb4 axb4 32. cxb4 g5 33. Bg3 Re7
34. f3 Re2 35. Rfc6 Rxc6 36. Rxc6 Rd2 37. Be1 Rd1 38. Kf2 Kf8 39. b5 Ke7 40. b6
Rb1 41. Ba5 h5 42. Kg3 Nd6 43. Rc7+ Ke6 44. Rc6 Kd7 45. Rc7+ Ke8 46. Kh3 Rb3
47. b7 Nxb7 48. Rg7 Nxa5 49. Rxg5 Rb5 50. Re5+ Kd7 51. f4 c3 52. Re2 Rb2 0-1

[Event "HSK Osteropen 2024"]
[Site "Hamburg"]
[Date "2024.04.01"]
[Round "7.11"]
[White "Rogozenco, Teodora"]
[Black "Schwarzkopf, Jörg"]
[Result "1/2-1/2"]
[WhiteElo "1985"]
[BlackElo "1862"]
[PlyCount "84"]
[EventDate "2024.03.29"]

1. d4 Nf6 2. c4 c5 3. d5 e6 4. Nc3 exd5 5. cxd5 d6 6. h3 g6 7. e4 Bg7 8. Bd3
O-O 9. Nf3 Re8 10. O-O a6 11. a4 Nbd7 12. Bf4 Qc7 13. Nd2 Ne5 14. Be2 b6 15.
Rc1 Bb7 16. Bh2 Rac8 17. Kh1 Qe7 18. Re1 Qc7 19. Bf1 Rcd8 20. b4 Rc8 21. Ncb1
Qe7 22. Qb3 Bh6 23. bxc5 bxc5 24. f4 c4 25. Qg3 Nd3 26. Bxd3 cxd3 27. Nc3 Nh5
28. Qf3 f5 29. Qxd3 Nxf4 30. Qf1 Qg5 31. Nf3 Qf6 32. Rb1 Rxc3 33. Rxb7 fxe4 34.
Qxa6 Nxg2 35. Qb5 Rf8 36. Qd7 Bg7 37. Rxe4 Rxf3 38. Re7 Rf1+ 39. Bg1 Rxg1+ 40.
Kxg1 Qd4+ 41. Kh2 Qf4+ 42. Kh1 Qf1+ 1/2-1/2

[Event "HSK Osteropen 2024"]
[Site "Hamburg"]
[Date "2024.04.01"]
[Round "7.12"]
[White "Stahl, Alexander"]
[Black "Koop, Börge"]
[Result "1-0"]
[WhiteElo "1710"]
[BlackElo "1918"]
[PlyCount "73"]
[EventDate "2024.03.29"]

1. d4 d5 2. Nf3 Nf6 3. c4 e6 4. g3 c6 5. Bg2 Bd6 6. Qc2 O-O 7. O-O Nbd7 8. Nbd2
e5 9. e4 dxe4 10. Nxe5 Nxe5 11. dxe5 Bxe5 12. Nxe4 Bf5 13. Bg5 Kh8 14. Rad1 Qb6
15. Rfe1 Rfe8 16. b3 Rad8 17. Rxd8 Qxd8 18. Qe2 Bd4 19. Qf3 Qa5 20. Bd2 Bxe4
21. Bxa5 Bxf3 22. Rxe8+ Nxe8 23. Bxf3 f5 24. Bd2 Nf6 25. h3 h6 26. Kf1 Ne4 27.
Bxe4 fxe4 28. Ke2 g5 29. Be3 c5 30. f3 Bxe3 31. Kxe3 exf3 32. Kxf3 Kg7 33. Ke4
Kf6 34. Kd5 b6 35. a3 Kf5 36. b4 cxb4 37. axb4 1-0

[Event "HSK Osteropen 2024"]
[Site "Hamburg"]
[Date "2024.04.01"]
[Round "7.14"]
[White "Trede, Rouven-Peer"]
[Black "Fabig, Holger"]
[Result "1-0"]
[WhiteElo "1785"]
[BlackElo "1980"]
[PlyCount "55"]
[EventDate "2024.03.29"]

1. e4 e6 2. d4 b6 3. Nf3 Bb7 4. Bd3 Nf6 5. e5 Ne4 6. Qe2 f5 7. Nbd2 Nxd2 8.
Bxd2 Be7 9. O-O-O c5 10. Kb1 Nc6 11. d5 exd5 12. Bxf5 Qc7 13. e6 d6 14. Ng5 g6
15. Nf7 Rg8 16. Bh3 Bf6 17. Bf4 Ne5 18. Rhe1 Ke7 19. Bg3 Rae8 20. Nh6 Rg7 21.
f4 Nc4 22. c3 Kd8 23. f5 Ba6 24. Qf3 Bg5 25. Nf7+ Kc8 26. Nxg5 Bb7 27. f6 Rgg8
28. f7 1-0

[Event "HSK Osteropen 2024"]
[Site "Hamburg"]
[Date "2024.04.01"]
[Round "7.16"]
[White "Dorendorf, Mika"]
[Black "Kellner, Anton"]
[Result "1-0"]
[WhiteElo "1844"]
[BlackElo "1690"]
[PlyCount "85"]
[EventDate "2024.03.29"]

1. d4 d5 2. c4 c6 3. cxd5 cxd5 4. Nc3 Nc6 5. Bf4 Qb6 6. Nxd5 Qa5+ 7. Nc3 Nf6 8.
Qd2 Bf5 9. Rc1 Rd8 10. Nf3 e6 11. e3 Be7 12. Bb5 O-O 13. Bxc6 bxc6 14. Ne5 Qa6
15. Qe2 Qb7 16. O-O c5 17. dxc5 Bxc5 18. Qb5 Bb6 19. Rfd1 Nh5 20. Bg3 Nxg3 21.
hxg3 Rc8 22. Nd7 Rfd8 23. Nxb6 Qxb6 24. Qxb6 axb6 25. Rxd8+ Rxd8 26. Rd1 Rb8
27. Kf1 Kf8 28. Ke2 Ke7 29. Rd4 h5 30. a3 Bc2 31. Kd2 Bb3 32. Rb4 Bd5 33. Nxd5+
exd5 34. Kd3 Kd6 35. Kd4 Kc6 36. Ra4 Kd6 37. Ra7 Ke6 38. Rc7 b5 39. Rc6+ Ke7
40. Rc5 b4 41. a4 b3 42. a5 g6 43. Rxd5 1-0

[Event "HSK Osteropen 2024"]
[Site "Hamburg"]
[Date "2024.04.01"]
[Round "7.17"]
[White "Malchereck, Romeo"]
[Black "Schacht, David"]
[Result "1/2-1/2"]
[WhiteElo "1812"]
[BlackElo "1704"]
[PlyCount "153"]
[EventDate "2024.03.29"]

1. e4 e5 2. Nf3 d5 3. Nxe5 Bd6 4. d4 dxe4 5. Nc4 Nf6 6. Bg5 O-O 7. Be2 Nc6 8.
c3 h6 9. Bh4 g5 10. Bg3 Nd5 11. Nxd6 cxd6 12. O-O Nb6 13. Nd2 f5 14. f4 d5 15.
h3 Qf6 16. a4 Na5 17. b4 Nac4 18. Nxc4 Nxc4 19. Bxc4 dxc4 20. Qe2 Be6 21. Qe3
Bd5 22. Rf2 Kh7 23. Raf1 Qg6 24. Kh2 Rf7 25. Rh1 Rg8 26. Rhf1 g4 27. h4 h5 28.
Rb2 Qa6 29. Ra1 b5 30. Rba2 Rgg7 31. axb5 Qxb5 32. Ra5 Qc6 33. Rc5 Qb7 34. Raa5
Rd7 35. Be1 Rg6 36. g3 Ra6 37. Bf2 Rxa5 38. Rxa5 Rd6 39. Qc1 Ra6 40. Qa3 Rxa5
41. Qxa5 Qd7 42. Be3 Qb7 43. Kg2 Kg7 44. Kf2 Qf7 45. Bc1 Ba8 46. Ke3 Kg6 47.
Qa6+ Kg7 48. Ba3 Bd5 49. Qa5 Qb7 50. b5 Qb6 51. Qb4 Qe6 52. Qc5 Qf7 53. Bb4 Kh7
54. Ba5 Kg7 55. Bc7 Bb7 56. Be5+ Kg6 57. Qxa7 Bd5 58. Qb6+ Qe6 59. Qc7 Qf7 60.
b6 Qxc7 61. bxc7 Be6 62. d5 Bc8 63. Kd4 Kf7 64. Kxc4 Ke7 65. Kd4 Kd7 66. c4 Bb7
67. c5 e3 68. Kxe3 Bxd5 69. Kd4 Be6 70. Bd6 Ke8 71. c6 Kf7 72. Kc5 Bc8 73. Be5
Ke6 74. Kb6 Kd5 75. Ba1 Kd6 76. Ka7 Kxc7 77. Be5+ 1/2-1/2

[Event "HSK Osteropen 2024"]
[Site "Hamburg"]
[Date "2024.04.01"]
[Round "7.18"]
[White "Braun, Julian"]
[Black "Braren, Ove Neelis"]
[Result "1/2-1/2"]
[WhiteElo "1803"]
[BlackElo "1635"]
[PlyCount "57"]
[EventDate "2024.03.29"]

1. e4 e5 2. Nf3 Nc6 3. Bc4 Nf6 4. d4 exd4 5. e5 d5 6. Bb5 Ne4 7. Nxd4 Bd7 8.
Bxc6 bxc6 9. O-O Bc5 10. Be3 Bb6 11. f3 Nc5 12. f4 Ne6 13. c3 Nxd4 14. cxd4 Qe7
15. Nc3 O-O-O 16. Qe2 Kb7 17. a3 a6 18. b4 Ra8 19. Na4 Rhb8 20. Nc5+ Bxc5 21.
bxc5 Ka7 22. Rab1 Bf5 23. Rb4 Rb5 24. Ra4 Rab8 25. Rxa6+ Kxa6 26. a4 Qd7 27.
Ra1 Kb7 28. axb5 cxb5 29. Ra5 1/2-1/2

[Event "HSK Osteropen 2024"]
[Site "Hamburg"]
[Date "2024.04.01"]
[Round "7.21"]
[White "Yasar, Hamit"]
[Black "Marx, Jakob"]
[Result "1-0"]
[WhiteElo "1761"]
[BlackElo "1665"]
[PlyCount "54"]
[EventDate "2024.03.29"]

1. d4 Nf6 2. Bf4 g6 3. e3 Bg7 4. Nd2 O-O 5. Bd3 d6 6. Ngf3 Re8 7. Bc4 Bg4 8. h3
Bxf3 9. Nxf3 Nbd7 10. Qd2 c5 11. c3 Rc8 12. Bb3 Ne4 13. Qc2 Ndf6 14. g4 cxd4
15. exd4 d5 16. Ba4 Nd7 17. Qb3 e5 18. dxe5 Nec5 19. Qc2 Nxa4 20. Qxa4 Nxe5 21.
Bxe5 Bxe5 22. O-O-O Bf4+ 23. Qxf4 Qa5 24. Kb1 Re2 25. Rd2 Re4 26. Qf6 Re6 27.
Qd4 Ra6 1-0

[Event "HSK Osteropen 2024"]
[Site "Hamburg"]
[Date "2024.04.01"]
[Round "7.24"]
[White "Grebita, Magnus"]
[Black "Morou, Halid"]
[Result "1-0"]
[WhiteElo "1701"]
[BlackElo "1833"]
[PlyCount "41"]
[EventDate "2024.03.29"]

1. e4 e6 2. d4 d5 3. exd5 exd5 4. Nf3 Nf6 5. Bd3 Bd6 6. Qe2+ Be7 7. O-O O-O 8.
h3 h6 9. Bf4 Re8 10. Qd1 Ne4 11. Nbd2 Bd6 12. Bxd6 Qxd6 13. Re1 f5 14. Ne5 Qb6
15. Nb3 Nc6 16. Nxc6 Qxc6 17. Bxe4 fxe4 18. Re3 Bf5 19. Qe2 Re6 20. Rc3 Qd7 21.
Nc5 1-0

[Event "HSK Osteropen 2024"]
[Site "Hamburg"]
[Date "2024.04.01"]
[Round "7.25"]
[White "Lasschuit, Rene"]
[Black "Queißer, Jens"]
[Result "1-0"]
[WhiteElo "1763"]
[BlackElo "1643"]
[PlyCount "90"]
[EventDate "2024.03.29"]

1. Nf3 Nf6 2. g3 e6 3. Bg2 Be7 4. O-O c5 5. c4 O-O 6. Nc3 Nc6 7. d4 cxd4 8.
Nxd4 Bb4 9. Ndb5 Bxc3 10. Nxc3 a6 11. Qd6 Ne8 12. Qd2 Qc7 13. Rd1 b6 14. b3 Bb7
15. Ba3 d6 16. Qf4 Rd8 17. Rd2 e5 18. Qh4 Nf6 19. Rad1 Nd4 20. Bxb7 Qxb7 21.
Qh3 Rfe8 22. Qg2 Qc8 23. e3 Nf5 24. Nd5 Nxd5 25. Rxd5 Re6 26. Qe4 Rf6 27. Qxe5
Qe6 28. Qxe6 Rxe6 29. Rxf5 h6 30. Rfd5 Kf8 31. Rxd6 Rexd6 32. Rxd6 Rxd6 33.
Bxd6+ Ke8 34. Bc7 b5 35. cxb5 axb5 36. a4 Kd7 37. Ba5 bxa4 38. bxa4 f5 39. Bc3
g6 40. Kg2 Kc6 41. Kf3 Kd5 42. a5 Kc6 43. Kf4 Kd7 44. Ke5 Kd8 45. Kf6 Ke8 1-0

[Event "HSK Osteropen 2024"]
[Site "Hamburg"]
[Date "2024.04.01"]
[Round "7.30"]
[White "Krüger, Dietrich"]
[Black "Ihlow, Florian"]
[Result "0-1"]
[WhiteElo "1500"]
[BlackElo "1604"]
[PlyCount "26"]
[EventDate "2024.03.29"]

1. d4 c6 2. Nf3 d5 3. Bf4 Nf6 4. e3 Bf5 5. Bd3 Ne4 6. Bxe4 Bxe4 7. Nbd2 Bg6 8.
O-O e6 9. c3 Bd6 10. Ne5 f6 11. Nxg6 hxg6 12. Bxd6 Qxd6 13. Qg4 Qxh2# 0-1

[Event "HSK Osteropen 2024"]
[Site "Hamburg"]
[Date "2024.04.01"]
[Round "7.31"]
[White "R, Barbara"]
[Black "Wang, Huanying"]
[Result "1-0"]
[WhiteElo "1537"]
[BlackElo "1525"]
[PlyCount "56"]
[EventDate "2024.03.29"]

1. e4 e6 2. d4 d6 3. Nc3 Ne7 4. Bg5 Bd7 5. Bb5 c6 6. Ba4 h6 7. Bh4 b5 8. Bb3
Qc7 9. d5 cxd5 10. exd5 Nf5 11. Nf3 Qb6 12. dxe6 fxe6 13. Qe2 Be7 14. Bxe7 Nxe7
15. Bxe6 Bc6 16. Nd5 Qa5+ 17. c3 Qd8 18. O-O-O Bd7 19. Rhe1 a6 20. Qe4 Ra7 21.
Nxe7 Bxe6 22. Qxe6 Rxe7 23. Qg6+ Kf8 24. Rxd6 Rxe1+ 25. Nxe1 Qg5+ 26. Qxg5 hxg5
27. Rd8+ Kf7 28. Rxh8 b4 {Rest nicht rekonstruierbar} 1-0